Statistics for Historical Countries of Modern-Day Russia in 1500 with a Map

Click here to take the quiz!

General Stats

  • This quiz has been taken 3,173 times
    (3,158 since last reset)
  • The average score is 10 of 42

Answers on the Map

Answers color-coded by a green-red scale on the quiz's map according to % correct below.
 

Answer Stats

Countries% Correct
Muscovy
96%
Northern Yuan
68%
Ming
65%
Crimea
62%
Sweden
57%
Lithuania
52%
Norway
47%
Great Horde
40%
Ottoman Empire
38%
Teutonic Order
35%
Kazan
34%
Sibir
30%
Kabardia
29%
Pskov
29%
Circassia
28%
Perm
28%
Livonian Order
24%
Nogai Horde
22%
Shaybanids
22%
Astrakhan
21%
Ossetia
21%
Ryazan
21%
Abkhazia
18%
Four Oirat
15%
Khundzia
13%
Shirvan
11%
Qasim
8%
Balkaria
6%
Karachay
6%
Tarki
6%
Abazinia
5%
Durdzuki
5%
Kakheti
5%
Kartli
5%
Rutul
5%
Tabasaran
5%
Aguler
4%
Akhty
4%
Alty
4%
Didoya
4%
Karakaitag
4%
Kura
4%

Score Distribution

Percentile by Number Answered

Percent of People with Each Score

Your Score History

You have not taken this quiz since the last reset